000 00402nam a2200145Ia 4500
008 230711s9999||||xx |||||||||||||| ||und||
041 _aENG
082 _a4
_bRA-C
100 _aRamamoorty,M
245 0 _aComputer aided design of electrical equipment
250 _a1st Ed.
260 _c1991
_aNew Delhi
_bEWP(Affiliated East-West Press Private Limited)
650 _aElectrical Engineering
942 _cBK
999 _c114
_d114